000 01377nam a2200373 i 4500
001 150304
003 FINmELB
005 20241217182500.0
006 m o u
007 cr cn|||||||||
008 231120s2023 sp ob 000 0 spa d
020 _z9788413527246
035 _a(OCoLC)1410393300
040 _aFINmELB
_bspa
_erda
_cFINmELB
050 1 4 _aQA11
_bS961 2023
080 _a51(07)
082 0 4 _a510.71
_223
100 1 _aSuárez Alemán, Carlos O.,
_eautor.
245 1 0 _aHistorias para aprender matemáticas /
_cCarlos O. Suárez Alemán.
264 1 _aMadrid :
_bLos libros de la Catarata,
_c2023.
300 _a1 recurso en línea (129 páginas)
336 _atexto
_btxt
_2rdamedia/spa
337 _acomputadora
_bc
_2rdamedia/spa
338 _arecurso en línea
_bcr
_2rdacarrier/spa
490 1 _aMiradas matemáticas
504 _aContiene bibliografía.
588 _aDescripción basada en metadatos suministrados por el editor y otras fuentes.
590 _aRecurso electrónico. Santa Fe, Arg.: elibro, 2021. Disponible vía World Wide Web. El acceso puede estar limitado para las bibliotecas afiliadas a elibro.
650 4 _aMatemáticas
_xEnseñanza.
655 4 _aLibros electrónicos.
797 2 _aelibro, Corp.
830 0 _aMiradas matemáticas.
856 4 0 _uhttps://elibro.net/ereader/politecnicointernacional/235672
999 _c150304
_d150304